| 000 | 01441nam a2200421 c 4500 | ||
|---|---|---|---|
| 001 | 23104 | ||
| 003 | ES-MaCES | ||
| 005 | 20231206040006.0 | ||
| 008 | 100610s2010 sp t 000 | spa d | ||
| 017 |
_aZ 1373-2010 _bDL |
||
| 020 | _a9788429015997 | ||
| 035 | _aCES20100004677m | ||
| 040 |
_aES-MaCES _bspa _cES-MaCES |
||
| 100 | 1 |
_aValdés Dal-Ré, Fernando _925408 |
|
| 245 | 1 | 0 |
_aIgualdad de género y relaciones laborales _b: entre la Ley y la negociación colectiva _cFernando Valdés Dal-Ré |
| 250 | _a1ª ed | ||
| 260 |
_aMadrid _bReus _c2010 |
||
| 300 |
_a183 p. _c24 cm |
||
| 490 | 1 | _aColección de Derecho laboral | |
| 504 | _aBibliografía: p. 173-179 | ||
| 541 | _cCompra | ||
| 610 | 1 | 7 |
_aEspaña _tLey orgánica para la igualdad efectiva de mujeres y hombres, 2007 _2 _93183 |
| 650 | 4 |
_adiscriminación por razones de sexo _929521 |
|
| 650 | 4 |
_amujeres _928657 |
|
| 650 | 4 |
_aigualdad de oportunidades _927183 |
|
| 650 | 4 |
_aigualdad de oportunidades en el empleo _930649 |
|
| 650 | 4 |
_anegociación colectiva _928362 |
|
| 650 | 4 |
_alegislación _927153 |
|
| 650 | 4 |
_aderecho del trabajo _927165 |
|
| 650 | 4 |
_aEspaña _926964 |
|
| 650 | 4 |
_arégimen jurídico _929894 |
|
| 653 | 1 | 0 | _aRelaciones laborales-Empleo |
| 650 | 4 |
_928369 _arelaciones laborales |
|
| 830 | 0 |
_934532 _aColección de Derecho laboral |
|
| 902 | _aLIB Libro | ||
| 942 |
_2CES _cBK _h2.0. |
||
| 999 |
_c23104 _d23104 |
||